000 00302nam a22001337a 4500
008 180226b xxu||||| |||| 00| 0 eng d
020 _a9780673167507
041 _aeng
080 _a37
100 _a25
101 _aEDU
245 _aEDUCATION TESTING AND MEASUREMENT
_cTOM.K
942 _2udc
_cBK
999 _c43501
_d43501